• 首页
  • 本馆介绍
  • 公告通知
  • 最新文献
  • 馆藏检索
  • 电子资源
  • 读者导购
  • 参考咨询
  • 我的图书馆
  • 登录
  • 详细信息显示
  • 放入我的书架
  • 预约/预借图书
  • 作者相关作品
  • 分类相关作品
  • 丛书相关作品
  • 出版社相关作品

书目信息

  • 表格格式
  • 工作单格式
  • 卡片格式
题名:
信令系统
    
 
作者: 桂海源 , 张碧玲 编著
分册:  
出版信息: 北京   北京邮电大学出版社  2008.08
页数: 339页
开本: 23cm
丛书名:
单 册:
中图分类: TN915.02
科图分类:
主题词: 通信网--tong xin wang--信号系统--教材 , 通信网--tong xin wang , 信号系统--xin hao xi tong
电子资源:
ISBN: 978-7-5635-1683-4
000 00947nam0 2200277 450
001 0106081729
005 20201106082041.0
010    @a978-7-5635-1683-4@dCNY48.00
100    @a20080717e20192008em y0chiy50 ea
101 0  @achi
102    @aCN@b110000
105    @ay z 000yy
106    @ar
200 1  @a信令系统@Axin ling xi tong@f桂海源, 张碧玲编著
210    @a北京@c北京邮电大学出版社@d2008.08@h2019.06
215    @a339页@d23cm
300    @a信息通信专业教材系列
330    @a本书内容包括信令的基本概念,No.7信令系统概述,电话用户部分和综合业务数字网用户部分,信令连接控制部分,数字移动通信系统的信令,智能网应用部分等。
606 0  @a通信网@Atong xin wang@x信号系统@j教材
606 0  @a通信网@Atong xin wang
606 0  @a信号系统@Axin hao xi tong
690    @aTN915.02@v5
701  0 @a桂海源@Agui hai yuan@4编著
701  0 @a张碧玲@Azhang bi ling@4编著
801  0 @aCN@bBJSZM@c20201106
905    @b1190036-9@dTN915.02@e220@f4
    
    信令系统/桂海源, 张碧玲编著.-北京:北京邮电大学出版社,2008.08(2019.06)
    339页;23cm
    信息通信专业教材系列
    
    ISBN 978-7-5635-1683-4:CNY48.00
    本书内容包括信令的基本概念,No.7信令系统概述,电话用户部分和综合业务数字网用户部分,信令连接控制部分,数字移动通信系统的信令,智能网应用部分等。
●
相关链接 在E读中查询图书 在五车中查询图书 在当当中查询图书 在豆瓣中查询图书


正题名:信令系统     索取号:TN915.02/220         预约/预借

序号 登录号 条形码 馆藏地/架位号 状态 备注
1 1190036   211900362   第二样本阅览室/ [索取号:TN915.02/220] 在馆    
2 1190037   211900371   第三借阅区/ [索取号:TN915.02/220] 在馆    
3 1190038   211900380   第三借阅区/ [索取号:TN915.02/220] 在馆    
4 1190039   211900399   第三借阅区/ [索取号:TN915.02/220] 在馆    
唐山师范学院图书馆 欢迎您!
大连网信软件有限公司© 版权所有